Countries with two same letters next to each other - Statistics

General Stats
  • This quiz has been taken 133 times
  • The average score is 5 of 11
Answer Stats
Hint Answer % Correct
Russia
78%
Morocco
70%
Greece
66%
Philippines
58%
Andorra
50%
Cameroon
46%
Seychelles
43%
Marshall Islands
38%
Guinea Bissau
36%
Sierra Leone
33%
Saint Kitts and Nevis
27%
No matching quizzes found
Score Distribution
Percent of People with Each Score
Percentile by Number Answered
Your Score History
You have not taken this quiz